000
00241nam a2200097Ia 4500
008
201231s9999 xx 000 0 und d
100
_a
Ramaswamy, B.S.
245
0
_a
Contracts & their Management
260
_a
New Delhi
_b
Lexis Nexis
942
_c
BK
999
_c
9324
_d
9324